R. Dúbravec - ilustrácie na výstave v Bratislave

Podrobná bibliografia
Hlavný autor: Veselý, Marian, 1944- (Autor)
Médium: Článok
Jazyk:slovenčina
Predmet:

MARC

LEADER 00000nab a2200000 a 4500
001 vtls010061493
003 SK-MaSNL
005 20260426094249.0
008 250507c1974 xo |r|p|||||||000 b|slo
015 |a SNBRB1974 
035 |a (uuid)ec8a52f9-f471-45ea-a614-a7e3ff205be4 
035 |a urn:nbn:sk:snk-ab15ml 
035 |a (urnnbn)urn:nbn:sk:snk:ar-0052mf 
038 |a SNKBUCL 
040 |a SNKBUCL  |b slo  |c SNKBUCL  |e AACR2 
041 0 |a slo 
044 |a xo  |c SK 
080 |a 73/75.071.1:061.4  |2 1997 
100 1 |a Veselý, Marian,  |d 1944-  |4 aut  |9 161395 
245 1 0 |a R. Dúbravec - ilustrácie na výstave v Bratislave  |c Marian Veselý 
600 1 7 |a Dúbravec, Róbert,  |d 1924-1976  |2 snkbucl  |9 87464 
648 7 |a 1974  |2 snkbucl  |9 337786 
650 0 7 |a výstavy  |2 snkbucl  |9 2780 
651 7 |a Bratislava (Slovensko)  |2 snkbucl  |9 14568 
773 0 |t Výtvarný život  |g Roč. 19, č. 4 (1974), s. 36 
850 |a Slovenská národná knižnica 
852 |a Slovenská národná knižnica 
954 |a odborná, vedecká literatúra pôvodná (slovenská)  |2 lita 
958 |a article2022 
958 |a BX 
958 |a OND 
958 |a EUIPO 
999 |c 3130841  |d 3132771